000 00293nam a22001337a 4500
041 _aENG
100 _aDas.M.N
245 _aDesingn And Analysis of Experiments
250 _aSecond Edition
260 _aNew Age
_bInternahonal
_c1997
300 _a488
650 _aPhiges
856 _uPhiges
999 _c442
_d442